History Quiz

Random History or Clickable Quiz

20th Century Match-Up Quiz Stats

Quiz Updated Oct 30, 2015

Challenge
Share
Tweet
Score 0/40 Timer 06:00
20 Plays Today
% Correct
Winston
98.7%
Berlin
98.4%
Walt
98.4%
Fidel
98.4%
Alfred
97.7%
Margaret
97.4%
Panama
97%
Pablo
95.6%
Iron
95.3%
Salvador
94.9%
Third
94.3%
Việt
91.6%
Che
91.3%
Rosa
91%
Mao
89.6%
César
88.6%
Indira
88.4%
Checkpoint
87.6%
Great Leap
87.5%
Desmond
84.9%
% Correct
Yuri
81.5%
Fourteen
81%
Slobodan
79.9%
Mutual
79.8%
Tết
78.1%
Frida
77.9%
Long
75.7%
Mata
74.8%
Golda
74.4%
Khmer
74.1%
Corazon
72.7%
Lech
70.8%
Harlem
70%
Vichy
69.3%
Jawaharlal
68%
Maginot
65.2%
Prague
64.1%
Tokyo
63.9%
Salt
59.1%
Mau Mau
53%

You're not logged in!

Compare scores with friends on all Sporcle quizzes.
Sign Up with Email
OR
Log In

You Might Also Like...

Show Comments

Extras

Top Quizzes Today


Score Distribution

Your Account Isn't Verified!

In order to create a playlist on Sporcle, you need to verify the email address you used during registration. Go to your Sporcle Settings to finish the process.

Report this User

Report this user for behavior that violates our Community Guidelines.

Details: